La Labor del Instituto del Teatro juzgada por algunos de sus ex alumnos
Colección:
San Jorge,
; núm. 9 (gener 1953), pàg 21-24
Otros Autores:
Bautista, Aurora, 1922-2012
,
Richart, Rafael
,
Garsaball, Pau, 1920-1991
,
Santaolalla, Marta, 1920-2019
,
Balaguer, Asunción, 1925-2019
Materias:
Institut del Teatre (Barcelona, Catalunya)
; Institut del Teatre (Barcelona, Catalunya) -- Alumnes
; Actors i actrius -- Intervius -- Barcelona (Província)
Idioma:
Español
MARC
| LEADER | 00000naa a2200000 a 4500 | ||
|---|---|---|---|
| 003 | Arxiu | ||
| 005 | 20260324181031.0 | ||
| 008 | 160829s1953 spcaxx s dspa c | ||
| 040 | |a agdb | ||
| 245 | 0 | 3 | |a La Labor del Instituto del Teatro juzgada por algunos de sus ex alumnos |
| 490 | |a San Jorge, |v núm. 9 (gener 1953), pàg 21-24 | ||
| 610 | 1 | 0 | |9 52662 |a Institut del Teatre (Barcelona, Catalunya) |
| 610 | 2 | 0 | |9 54729 |a Institut del Teatre (Barcelona, Catalunya) |x Alumnes |
| 650 | 0 | |a Actors i actrius |x Intervius |z Barcelona (Província) | |
| 700 | 1 | |9 54731 |a Bautista, Aurora, |d 1922-2012 |e entrevistat | |
| 700 | 1 | |9 54732 |a Richart, Rafael |e entrevistat | |
| 700 | 1 | |9 54733 |a Garsaball, Pau, |d 1920-1991 |e entrevistat | |
| 700 | 1 | |a Santaolalla, Marta, |d 1920-2019 |e entrevistat |9 54734 | |
| 700 | 1 | |9 54735 |a Balaguer, Asunción, |d 1925-2019 |e entrevistat | |
| 773 | |g Núm. 9 (gener 1953), pàg 21-24 |t San Jorge. | ||
| 901 | |a Arxiu | ||
| 942 | |n 1 |2 udc |c ART | ||
| 952 | |0 0 |1 0 |4 0 |6 REV508 |7 1 |9 64319 |a Arxiu |b Arxiu |d 2022-11-23 |o Rev-508 |r 2022-11-23 00:00:00 |w 2022-11-23 |y ARXIU |z També disponible a Rev-522 | ||
| 999 | |c 47781 |d 47781 | ||